[Event "Torino Province-ch"]
[Site "Torino"]
[Date "2012.03.27"]
[Round "6"]
[White "Iacomussi, Mario"]
[Black "Zanatta, Aldo"]
[Result "1-0"]
[WhiteElo "1729"]
[BlackElo "1650"]
[PlyCount "75"]
[EventDate "2012.02.21"]
[EventType "swiss"]
[EventRounds "7"]
[EventCountry "ITA"]
[SourceTitle "EXT 2015"]
[Source "ChessBase"]
[SourceDate "2014.11.20"]
[SourceVersion "1"]
[SourceVersionDate "2014.11.20"]
[SourceQuality "1"]

1. d4 d5 2. c4 c6 3. Nc3 Nf6 4. cxd5 cxd5 5. Nf3 e6 6. Bg5 Be7 7. e3 0-0 8. Bd3 Nc6 9. Rc1 Bd7 10. Bb1 Rc8 11. a3 Ne4 12. Bxe7 Nxc3 13. Rxc3 Nxe7 14. Qd3 Ng6 15. h4 Re8 16. h5 Nf8 17. Rxc8 Bxc8 18. b4 Qf6 19. Ne5 Qf5 20. Qd1 Qg5 21. g4 Qe7 22. f4 f6 23. Nf3 Bd7 24. g5 Bb5 25. gxf6 Qxf6 26. Ne5 Nd7 27. a4 Bc4 28. Nxd7 Qe7 29. Nc5 b6 30. Qc2 bxc5 31. Qxh7+ Kf8 32. bxc5 Qf6 33. h6 Re7 34. Qh8+ Kf7 35. h7 Rb7 36. Qg8+ Ke7 37. Kd2 Rb2+ 38. Kc3 1-0

[Event "Torino Bombelli Memorial 11th"]
[Site "Torino"]
[Date "2011.09.09"]
[Round "1"]
[White "Iacomussi, Mario"]
[Black "Jotev, Yassen"]
[Result "0-1"]
[WhiteElo "1747"]
[BlackElo "2086"]
[PlyCount "46"]
[EventDate "2011.09.09"]
[EventType "swiss"]
[EventRounds "5"]
[EventCountry "ITA"]
[SourceTitle "EXT 2023"]
[Source "ChessBase"]
[SourceDate "2022.10.05"]
[SourceVersion "1"]
[SourceVersionDate "2022.10.05"]
[SourceQuality "1"]

1. d4 d5 2. Nf3 Nf6 3. c4 c6 4. Nc3 e6 5. Bg5 dxc4 6. e4 b5 7. e5 h6 8. Bd2 Nd5 9. Be2 Be7 10. a3 Nd7 11. Rc1 0-0 12. Ne4 Bb7 13. 0-0 c5 14. Nxc5 Nxc5 15. dxc5 Bxc5 16. b4 Be7 17. Qc2 Qc7 18. Rfe1 Rfd8 19. Bc3 a5 20. Nd4 axb4 21. Nxb5 Qb6 22. Bd4 Qxb5 23. Bxc4 Qc6 0-1

[Event "Torino Estate Alfieri B"]
[Site "Torino"]
[Date "2011.06.07"]
[Round "5"]
[White "Iacomussi, Mario"]
[Black "Trusso Cafarello, Sebastiano"]
[Result "0-1"]
[WhiteElo "1755"]
[BlackElo "1697"]
[PlyCount "78"]
[EventDate "2011.05.03"]
[EventType "tourn"]
[EventRounds "7"]
[EventCountry "ITA"]
[SourceTitle "EXT 2024"]
[Source "ChessBase"]
[SourceDate "2023.10.10"]
[SourceVersion "1"]
[SourceVersionDate "2023.10.10"]
[SourceQuality "1"]

1. c4 Nf6 2. Nc3 g6 3. g3 Bg7 4. Bg2 0-0 5. d4 d6 6. Nf3 a5 7. Bg5 h6 8. Bxf6 Bxf6 9. e4 Bg7 10. d5 Na6 11. Rb1 Bd7 12. Nd4 Qc8 13. h4 Nc5 14. 0-0 Bh3 15. b4 Bxg2 16. Kxg2 axb4 17. Rxb4 Qd7 18. a4 c6 19. f3 Na6 20. dxc6 bxc6 21. Rb6 c5 22. Nde2 Nb4 23. f4 Qe6 24. Qb3 Qg4 25. Rf3 Qd7 26. Rb5 Nc6 27. Rb7 Qe6 28. Qa2 Na5 29. f5 Qe5 30. Rb5 Nc6 31. Qb1 Nd4 32. Nxd4 Qxd4 33. Nd5 Rxa4 34. Nxe7+ Kh8 35. Nc6 Qxc4 36. f6 Ra2+ 37. Kh3 Qe6+ 38. g4 Bxf6 39. Rg3 h5 0-1

[Event "Torino Alfieri op-B"]
[Site "Torino"]
[Date "2010.06.02"]
[Round "5"]
[White "Iacomussi, Mario"]
[Black "Cavezzana, Davide"]
[Result "1-0"]
[WhiteElo "1776"]
[BlackElo "1765"]
[PlyCount "69"]
[EventDate "2010.05.04"]
[EventType "tourn"]
[EventRounds "7"]
[EventCountry "ITA"]
[SourceTitle "EXT 2024"]
[Source "ChessBase"]
[SourceDate "2023.10.10"]
[SourceVersion "1"]
[SourceVersionDate "2023.10.10"]
[SourceQuality "1"]

1. d4 d5 2. c4 c6 3. cxd5 cxd5 4. Nc3 Nf6 5. Bg5 Qa5 6. Bxf6 gxf6 7. Qb3 e6 8. e3 a6 9. Bd3 Nc6 10. Nge2 Nb4 11. Bb1 Bd6 12. 0-0 b5 13. f4 f5 14. a3 Nc6 15. Rc1 Bd7 16. Qc2 Qd8 17. Qd2 Rc8 18. Ng3 Na5 19. Ba2 Nc6 20. Nh5 Rg8 21. Qf2 Be7 22. Rc2 Bh4 23. Qf3 Qe7 24. Bxd5 exd5 25. Nxd5 Qd6 26. Rac1 Rg6 27. Nb6 Rb8 28. Nxd7 Rc8 29. Ne5 Rg8 30. Rxc6 Rxc6 31. Rxc6 Qd8 32. Rxa6 Qc7 33. Qc6+ Qxc6 34. Rxc6 Ke7 35. g3 1-0

[Event "Torino Alfieri op-B"]
[Site "Torino"]
[Date "2010.05.04"]
[Round "1"]
[White "Tallarico, Pierfrancesco"]
[Black "Iacomussi, Mario"]
[Result "1-0"]
[WhiteElo "1883"]
[BlackElo "1776"]
[PlyCount "63"]
[EventDate "2010.05.04"]
[EventType "tourn"]
[EventRounds "7"]
[EventCountry "ITA"]
[SourceTitle "EXT 2024"]
[Source "ChessBase"]
[SourceDate "2023.10.10"]
[SourceVersion "1"]
[SourceVersionDate "2023.10.10"]
[SourceQuality "1"]

1. c4 Nf6 2. Nf3 e6 3. Nc3 c5 4. g3 d6 5. Bg2 Nc6 6. 0-0 Be7 7. d4 cxd4 8. Nxd4 Bd7 9. b3 a6 10. Ba3 Qc7 11. Rc1 Nxd4 12. Qxd4 Bc6 13. e4 Rd8 14. Nd5 exd5 15. cxd5 Qa5 16. Bb4 Qb5 17. a4 Qe2 18. dxc6 bxc6 19. Rxc6 0-0 20. Rc7 Rfe8 21. Re1 Qh5 22. h3 a5 23. Ba3 Bf8 24. Bb2 Qg6 25. Re3 d5 26. e5 Ne4 27. Bxe4 dxe4 28. Qxe4 Rd1+ 29. Kg2 Qa6 30. Qc4 Qg6 31. Rf3 Be7 32. Rxe7 1-0

[Event "Torino Province-ch"]
[Site "Torino"]
[Date "2010.03.16"]
[Round "6"]
[White "Sorcinelli, Francesco"]
[Black "Iacomussi, Mario"]
[Result "1-0"]
[WhiteElo "2161"]
[BlackElo "1760"]
[PlyCount "73"]
[EventDate "2010.02.09"]
[EventType "swiss"]
[EventRounds "7"]
[EventCountry "ITA"]
[SourceTitle "EXT 2024"]
[Source "ChessBase"]
[SourceDate "2023.10.10"]
[SourceVersion "1"]
[SourceVersionDate "2023.10.10"]
[SourceQuality "1"]

1. e4 c5 2. Nf3 d6 3. d4 cxd4 4. Nxd4 Nf6 5. Nc3 a6 6. Be3 Ng4 7. Bc4 Ne5 8. Bb3 e6 9. f4 Nec6 10. Qh5 Nxd4 11. Bxd4 Nc6 12. Be3 g6 13. Qf3 Bg7 14. 0-0-0 Qc7 15. Rd3 b5 16. Rhd1 0-0 17. Rxd6 Rd8 18. Rxd8+ Nxd8 19. e5 Bb7 20. Qf2 Nc6 21. Bb6 Qe7 22. Bc5 Qe8 23. Qh4 Na5 24. Be7 Nxb3+ 25. axb3 Rc8 26. Bf6 Bf8 27. g4 b4 28. Na4 Qc6 29. Qf2 Qf3 30. Qxf3 Bxf3 31. Rd4 Bxg4 32. Kd2 Bf5 33. c4 bxc3+ 34. bxc3 h5 35. b4 Bh6 36. Nb6 Ra8 37. Nxa8 1-0

[Event "Torino Province-ch"]
[Site "Torino"]
[Date "2010.02.23"]
[Round "3"]
[White "Iacomussi, Mario"]
[Black "Boetto, Massimo"]
[Result "1-0"]
[WhiteElo "1760"]
[BlackElo "2010"]
[PlyCount "63"]
[EventDate "2010.02.09"]
[EventType "swiss"]
[EventRounds "7"]
[EventCountry "ITA"]
[SourceTitle "EXT 2024"]
[Source "ChessBase"]
[SourceDate "2023.10.10"]
[SourceVersion "1"]
[SourceVersionDate "2023.10.10"]
[SourceQuality "1"]

1. c4 e5 2. Nc3 Nc6 3. e4 Bc5 4. Nf3 d6 5. d3 h6 6. Be2 a6 7. a3 Nf6 8. Nd5 Bg4 9. 0-0 Bxf3 10. Bxf3 Nd4 11. b4 Ba7 12. Be3 c6 13. Bxd4 Bxd4 14. Nxf6+ Qxf6 15. Ra2 h5 16. g3 h4 17. Kg2 g5 18. Bg4 Ke7 19. a4 Qh6 20. h3 Qf6 21. Qd2 Qg6 22. f4 hxg3 23. fxg5 Bf2 24. b5 axb5 25. cxb5 cxb5 26. axb5 Rxa2 27. Qxa2 Qxg5 28. Qc2 Bc5 29. d4 exd4 30. Qc4 Qg7 31. Qd5 b6 32. Qb7+ 1-0

[Event "Turin Piemonte op 9th"]
[Site "Turin"]
[Date "2009.09.18"]
[Round "1"]
[White "Topczewski, Damian"]
[Black "Iacomussi, Mario"]
[Result "1-0"]
[WhiteElo "2126"]
[BlackElo "1772"]
[PlyCount "79"]
[EventDate "2009.09.18"]
[EventType "swiss"]
[EventRounds "5"]
[EventCountry "ITA"]
[SourceTitle "EXT 2012"]
[Source "ChessBase"]
[SourceDate "2011.11.24"]
[SourceVersion "1"]
[SourceVersionDate "2011.11.24"]
[SourceQuality "1"]

1. e4 c5 2. Nf3 d6 3. d4 cxd4 4. Nxd4 Nf6 5. Nc3 a6 6. Bg5 e6 7. f4 Be7 8. Qf3 Qc7 9. 0-0-0 Nbd7 10. Kb1 h6 11. Bxf6 Nxf6 12. Bd3 0-0 13. g4 e5 14. Nf5 Bxf5 15. gxf5 exf4 16. Qxf4 Qc5 17. Rhg1 Kh7 18. Rg2 Qe5 19. Qf3 b5 20. Rdg1 Rg8 21. Ne2 Nd7 22. Nf4 Bf6 23. c3 Nc5 24. Nd5 Nxd3 25. Qxd3 Rac8 26. a3 Rc4 27. Qf3 Bd8 28. Rg4 a5 29. f6 g5 30. h4 Rg6 31. hxg5 hxg5 32. Rh1+ Kg8 33. Ne3 Rc5 34. Nf5 Bxf6 35. Qd3 d5 36. Nd4 dxe4 37. Rxe4 Qd5 38. Re8+ Kg7 39. Qh3 Qxh1+ 40. Qxh1 1-0

[Event "Turin Piemonte op 8th"]
[Site "Turin"]
[Date "2008.09.19"]
[Round "1"]
[White "Finocchiaro, Gianluca"]
[Black "Iacomussi, Mario"]
[Result "1-0"]
[WhiteElo "2021"]
[BlackElo "1568"]
[PlyCount "29"]
[EventDate "2008.09.19"]
[EventType "swiss"]
[EventRounds "6"]
[EventCountry "ITA"]
[SourceTitle "EXT 2011"]
[Source "ChessBase"]
[SourceDate "2010.11.26"]
[SourceVersion "1"]
[SourceVersionDate "2010.11.26"]
[SourceQuality "1"]

1. e4 c5 2. c3 d6 3. d4 cxd4 4. cxd4 g6 5. Nf3 Bg7 6. Nc3 Nf6 7. Bc4 0-0 8. 0-0 a6 9. a4 Qc7 10. Be2 Nc6 11. Bg5 e6 12. Rc1 Qa5 13. Qd2 Bd7 14. e5 dxe5 15. Bxf6 1-0

[Event "Turin Piemonte op 5th"]
[Site "Turin"]
[Date "2003.12.04"]
[Round "1"]
[White "Diana, Riccardo"]
[Black "Iacomussi, Mario"]
[Result "1-0"]
[WhiteElo "2109"]
[BlackElo "1597"]
[PlyCount "71"]
[EventDate "2003.12.04"]
[EventType "swiss"]
[EventRounds "7"]
[EventCountry "ITA"]
[SourceTitle "EXT 2008"]
[Source "ChessBase"]
[SourceDate "2007.11.25"]
[SourceVersion "1"]
[SourceVersionDate "2007.11.25"]
[SourceQuality "1"]

1. d4 Nf6 2. c4 g6 3. Nc3 d5 4. Nf3 Bg7 5. Qb3 dxc4 6. Qxc4 0-0 7. e4 c6 8. Be2 Nbd7 9. 0-0 Nb6 10. Qb3 Be6 11. Qc2 Rc8 12. b3 Bg4 13. Be3 Re8 14. Rac1 Nfd7 15. Rfd1 e6 16. h3 Bxf3 17. Bxf3 Qe7 18. Qd2 Nf8 19. e5 Nd5 20. Ne4 Nxe3 21. Qxe3 Rc7 22. Qd2 Nd7 23. Qa5 b6 24. Qa4 c5 25. Nd6 Rb8 26. Nb5 Rcb7 27. Bxb7 Rxb7 28. Qa3 a5 29. dxc5 Nxc5 30. b4 axb4 31. Qa8+ Bf8 32. Rd8 Rd7 33. Rxd7 Qxd7 34. Nd6 Kg7 35. Ne8+ Kh6 36. Nf6 1-0